• 首页
  • 本馆介绍
  • 公告通知
  • 最新文献
  • 馆藏检索
  • 电子资源
  • 读者导购
  • 参考咨询
  • 我的图书馆
  • 登录
  • 详细信息显示
  • 放入我的书架
  • 预约/预借图书
  • 作者相关作品
  • 分类相关作品
  • 丛书相关作品
  • 出版社相关作品

书目信息

  • 表格格式
  • 工作单格式
  • 卡片格式
题名:
室内设计与装饰材料应用
    
 
作者: 孙晓红 编著
分册:  
出版信息: 北京   机械工业出版社  2016
页数: 174页
开本: 26cm
丛书名:
单 册:
中图分类: TU238.2 , TU56 , TU238
科图分类:
主题词: 室内装饰设计--教材 , 室内装饰--教材--装饰材料
电子资源:
ISBN: 978-7-111-52798-5
000 00938nam0 2200265 450
001 3000
005 20161208112440.28
010    @a978-7-111-52798-5@dCNY46.00
100    @a20160425d2016 em y0chiy50 ea
101 0  @achi
102    @aCN@b110000
105    @aa z 000yy
200 1  @a室内设计与装饰材料应用@9shi nei she ji yu zhuang shi cai liao ying yong@f孙晓红等编著
210    @a北京@c机械工业出版社@d2016
215    @a174页@c图@d26cm
300    @a环境艺术设计实战教程
330    @a本书内容共分九章,分别为:室内设计基础及基本观点,室内设计规划及装饰材料应用,室内采光及照明材料应用,室内空间界面的设计,室内家具设计及装饰材料应用等。
606 0  @a室内装饰设计@j教材
606 0  @a室内装饰@j教材@x装饰材料
690    @aTU238.2@v5
690    @aTU56@v5
690    @aTU238@v4
701  0 @a孙晓红@9sun xiao hong@c(女,艺术设计)@4编著
801  0 @aCN@b大连网信软件有限公司图书馆·11@c20161208
905    @aZUCC@dTU238.2@e900
    
    室内设计与装饰材料应用/孙晓红等编著.-北京:机械工业出版社,2016
    174页:图;26cm
    环境艺术设计实战教程
    
    ISBN 978-7-111-52798-5:CNY46.00
    本书内容共分九章,分别为:室内设计基础及基本观点,室内设计规划及装饰材料应用,室内采光及照明材料应用,室内空间界面的设计,室内家具设计及装饰材料应用等。
●
相关链接 在E读中查询图书 在五车中查询图书 在当当中查询图书 在豆瓣中查询图书


正题名:室内设计与装饰材料应用     索取号:TU238.2/900         预约/预借

序号 登录号 条形码 馆藏地/架位号 状态 备注
1 912912   209129129   第二样本阅览室/ [索取号:TU238.2/900] 在馆    
2 912913   209129138   第三借阅区/ [索取号:TU238.2/900] 在馆    
3 912914   209129147   第三借阅区/ [索取号:TU238.2/900] 在馆    
4 912915   209129156   第三借阅区/ [索取号:TU238.2/900] 在馆    
唐山师范学院图书馆 欢迎您!
大连网信软件有限公司© 版权所有